| 000 | 00329nam a22001097a 4500 | ||
|---|---|---|---|
| 008 | 211026b ||||| |||| 00| 0 eng d | ||
| 050 |
_a8H0 _b1 |
||
| 245 | _aCBSE Sample Paper and Model Test Papers in "HINDI-A" ,Class-10th,Term-1 | ||
| 260 |
_aNew Delhi _bGoyal Brothers Prakashan _cSeptember 2021 |
||
| 300 | _a1 | ||
| 942 |
_2ddc _cBK |
||
| 999 |
_c11850 _d11850 |
||